01090cam a2200265 45000010008000000030009000080050017000170080041000340100017000750400028000920500017001200820018001372450088001552600054002433000036002975000199003335040031005326500020005636500023005836510032006066510035006387000033006737100090007067100028007963122780BDDh-ASL20231015030122.0690904s1968 nyua b 001 0 eng  a 68056606  aDLCcDLCdDLCdBDDh-ASL00aQ127.I4bS3400a954.509bSCI 00aScience and the human condition in India and Pakistan / cEdited by Ward Morehouse. aNew York : bRockefeller University Press,c1968. axvii, 230 p. : billus.c24 cm. a"Based on the proceedings of a conference sponsored by the Center for International Programs and Services ... University of the State of New York, and the Rockefeller University [May 5-7, 1966]" aBibliographical footnotes. 0aSciencezIndia. 0aSciencezPakistan. 0aIndiaxEconomic conditions. 0aPakistanxEconomic conditions.1 aMorehouse, Ward,d1929-eed.2 aUniversity of the State of New York.bCenter for International Programs and Services.2 aRockefeller University.